TCP/IP : Protocol Suite

Wedi'i Gadw mewn:
Manylion Llyfryddiaeth
Prif Awdur: Forouzan, Behrouz A.
Fformat: Llyfr
Iaith:Undetermined
Cyhoeddwyd: Boston The McGraw-Hill Companies, Inc. 2006
Pynciau:
Tagiau: Ychwanegu Tag
Dim Tagiau, Byddwch y cyntaf i dagio'r cofnod hwn!
Thư viện lưu trữ: Trung tâm Học liệu Trường Đại học Cần Thơ
LEADER 00564nam a2200205Ia 4500
001 CTU_89038
008 210402s9999 xx 000 0 und d
020 |c 109.25 
082 |a 004.6 
082 |b F728 
100 |a Forouzan, Behrouz A. 
245 0 |a TCP/IP : 
245 0 |b Protocol Suite 
245 0 |c Behrouz A. Forouzan, Sophia Chung Fegan 
260 |a Boston 
260 |b The McGraw-Hill Companies, Inc. 
260 |c 2006 
650 |a TCP/IP (Computer network protocol) 
904 |i Năm 
980 |a Trung tâm Học liệu Trường Đại học Cần Thơ